000 00513cam a2200181 i 4500
001 17174958
005 20180521084906.0
008 120221s2012 enk b 001 0 eng
020 _a9781107004740 (hardback)
040 _cPK-LaUMT
082 0 0 _a519.544
_223
_bRIS-O
100 1 _aRissanen, Jorma
245 1 0 _aOptimal estimation of parameters /
_cJorma Rissanen
260 _aCambridge :
_bCambridge University Press,
_c2012
300 _avi, 162 p. ;
_c26 cm
650 0 _aEstimation theory.
942 _cBK
999 _c104866
_d104866